Statistiques concernant Culture Générale : Facile #2

Cliquez ici pour prendre le quiz!

Statistiques générales

  • Ce quiz a été pris 1 369 fois
  • Le résultat moyen est 16 sur 20

Statistiques - réponses

HintRéponse% Correct
Quel virus connu a été détecté pour la première fois en 2019 ?Covid-19
98%
Quelle est la capitale de l'Espagne ?Madrid
98%
Quelle fleur jaune tourne avec le soleil ?Tournesol
94%
Quel monument parisien à été construit pour l'exposition universelle de 1889 ?Tour Eiffel
88%
Quelle ville est surnommée "la Ville Lumière" ?Paris
86%
Compléter : "Faut pas pousser mémé ..."dans les orties
85%
Donner le nom du film dans lequel le personnage principal dit-il souvent "J't'ai cassé" ?Brice de Nice
83%
Quel surnom lié à ces touches porte le clavier francophone ?Azerty
82%
Quel scientifique aurait théorie les lois de la gravitation universelle après s'être pris une pomme sur la tête?Isaac Newton
82%
Quel dieu nordique est représenté avec un marteau ?Thor
81%
Quel prophète aurait ouvert la mer en deux ?Moïse
80%
Quelle est l'année de la prise de la Bastille ?1789
78%
Quel artiste italien a peint le plafond de la chapelle Sixtine ?Michel-Ange
76%
Quel théorème permet de calculer l'hypoténuse d'un triangle rectangle ?Pythagore
76%
Quel groupe des années 1970 et 1980 avait pour chanteur Freddie Mercury ?Queen
75%
Quel est le pays le plus peuplé (entièrement) en Europe ?Allemagne
72%
Dans la recette originale des pâtes à la carbonara, qu'est-ce qui remplace la crème fraiche ?Œuf
64%
Quelle espèce d'oiseaux vit dans l'hémisphère nord et plus particulièrement dans le cercle polaire ?Pingouin
53%
Quelle marque à pour slogan "Parce que vous le valez bien " ?L'Oréal Paris
51%
Comment s'appelle le premier baladeur qui utilisait des cassettes ?Walkman
49%

Distribution des résultats

Percentile par nombre de réponses

% des personnes avec chaque résultat

Votre développement - résultats

Vous n’avez pas pris ce quiz